Sinfonia di cazzi

Salvato in:
Dettagli Bibliografici
Natura: Libro
Lingua:inglese
Tags: Aggiungi Tag
Nessun Tag, puoi essere il primo ad aggiungerne!!

MARC

LEADER 00000nam a2200000 4500
001 CDOM0000002596
003 mi
005 20250731113328.0
008 250731b |||||||| |||| 00| 0 eng d
040 |c mi 
245 1 |a Sinfonia di cazzi  
942 |2 ddc  |c BK 
952 |0 0  |1 0  |2 ddc  |4 0  |7 0  |9 6084  |a MI  |b MI  |d 1988-01-08  |i 780  |l 0  |p CDOM780  |r 2025-07-13 16:28:00  |w 2025-07-13  |x DONO  |y BK 
999 |c 4859  |d 4859